Kho tàng giai thoại văn học thế giới; T1

Salvato in:
Dettagli Bibliografici
Autore principale: Lưu Liên
Natura: Libro
Lingua:Undetermined
Pubblicazione: Tp. HCM Thanh Niên 1999
Soggetti:
Tags: Aggiungi Tag
Nessun Tag, puoi essere il primo ad aggiungerne! !
Thư viện lưu trữ: Trung tâm Học liệu Trường Đại học Cần Thơ
LEADER 00531nam a2200193Ia 4500
001 CTU_53079
008 210402s9999 xx 000 0 und d
020 |b 20000 
082 |a 809 
082 |b L566/T1 
100 |a Lưu Liên 
245 0 |a Kho tàng giai thoại văn học thế giới; T1 
245 0 |c Lưu Liên 
260 |a Tp. HCM 
260 |b Thanh Niên 
260 |c 1999 
650 |a vietnamese literature 
650 |x history and criticism 
980 |a Trung tâm Học liệu Trường Đại học Cần Thơ